000
00241 a2200085 4500
245
_a
PUBLIC ADMINISTRATION OF RESEARCH IN ZIMBABWE
_h
Text
100
_a
MINISTRY OF FINANCE ,ECONOMIC PLANNING AND DEVELOPMENT
650
_a
History
005
20191017173135.0
084
_a
NONE
999
_c
9851
_d
9851